000 01333cam a2200349 i 4500
001 3184944
003 OSt
005 20110722144452.0
008 761001s1976 enk b 001 0 eng
010 _a 76372586
015 _aGB***
020 _a0406570469 :
_c£8.60.
_a0406570477
040 _aDLC
_cDLC
_dDLC
043 _ae-uk---
050 0 0 _aKD7869
_b.C76 1976
082 0 0 _a345.42 CRO
100 1 _aCross and Janes'
_cSir,
_d1912-1980.
_9768
240 1 0 _aIntroduction to criminal law
245 1 0 _aCross and Jones' Introduction to criminal law /
_cPhilip Asterley Jones, Richard Card.
250 _a8th ed.
260 _aLondon :
_bButterworths,
_c1976.
300 _axvii, 474 p. ;
_c23 cm.
504 _aIncludes bibliographical references and index.
650 0 _aCriminal law
_zGreat Britain.
_9769
700 1 _aJones, Philip Asterley,
_ejoint author.
_9770
700 1 _aCard, Richard,
_ejoint author.
_9771
740 0 _aIntroduction to criminal law.
906 _a7
_bcbc
_corignew
_du
_encip
_f19
_gy-gencatlg
942 _2ddc
_cBK
999 _c260
_d260